| 000 | 00717nam a22001937a 4500 | ||
|---|---|---|---|
| 003 | OSt | ||
| 005 | 20240928111555.0 | ||
| 008 | 240903b ||||| |||| 00| 0 eng d | ||
| 040 | _cAIMIT LIBRARY | ||
| 100 |
_aL Mahesh. _e2216092 _9178533 |
||
| 245 |
_aEvaluation of employee perception towards HR practices at metro cash and carry india pvt ltd / _cBy Mahesh L ; Guided by Beena Dias. |
||
| 260 |
_aBangalore ; _c2024. |
||
| 650 |
_aIndustry profile company profile and introduction to study _9178534 |
||
| 650 |
_aResearch methodology _9178535 |
||
| 650 |
_aData analysis and interpretation _9178536 |
||
| 700 |
_aDias, Beena. _eGuide _9178537 |
||
| 856 | _3Metro cash and carry india pvt ltd. | ||
| 942 |
_2ddc _cPRO |
||
| 999 |
_c231710 _d231710 |
||